000 00286nam a22001337a 4500
008 170303b xxu||||| |||| 00| 0 eng d
020 _a2900321544604
041 _aeng
080 _29 ED
_a575
100 _a6
101 _aSHM
245 _aCONCEPTS GENETICS
_cKLUG.W
942 _2udc
_cBK
999 _c6736
_d6736